| 000 | 00578nam a2200181 i 4500 | ||
|---|---|---|---|
| 001 | 104069 | ||
| 003 | ES-MaACL | ||
| 007 | t| | ||
| 008 | 051122s1927 fr ||||1| fre d | ||
| 100 | 1 |
_aMichaud, Régis. _980877 |
|
| 245 | 1 | 2 |
_aL'esthétique d'Emerson _b: la nature, l'art, l'histoire / _cRégis Michaud. |
| 260 |
_aParis : _b[s.n.], _c1927 ( _fArrault et Cie.) |
||
| 300 |
_a158 p. ; _c19 cm. |
||
| 490 | 1 | _aBibliothèque de philosophie contemporaine | |
| 830 | 0 |
_aBibliothèque de philosophie contemporaine _9181027 |
|
| 852 |
_aES-MaACL _jB-5855 |
||
| 999 |
_c104069 _d104069 |
||